[Event "Bundesliga 0102"]
[Site "Germany"]
[Date "2002.04.27"]
[Round "14.2"]
[White "Ribli, Zoltan"]
[Black "Kengis, Edvins"]
[Result "1/2-1/2"]
[WhiteElo "2564"]
[BlackElo "2572"]
[Annotator "Mueller,Karsten"]
[PlyCount "64"]
[EventDate "2001.10.06"]
[EventType "team-tourn"]
[EventRounds "15"]
[EventCountry "GER"]
[SourceTitle "CBM 089"]
[Source "ChessBase"]
[SourceDate "2002.08.12"]
[SourceVersion "1"]
[SourceVersionDate "2002.08.12"]
[SourceQuality "1"]
[WhiteTeam "Tegernsee"]
[BlackTeam "Godesberg"]
[WhiteTeamCountry "GER"]
[BlackTeamCountry "GER"]

1. Nf3 b6 2. e4 Bb7 3. Nc3 e6 4. d4 Bb4 5. Bd3 Nf6 6. Bg5 h6 7. Bxf6 Qxf6 8.
O-O Bxc3 9. bxc3 Nc6 10. Qe2 Qe7 11. a4 O-O 12. Nd2 Rae8 13. f4 f5 14. Rae1 Qf7
15. Qf2 Ne7 16. c4 fxe4 17. Nxe4 Nf5 18. c3 Qe7 19. Qe2 Qd8 20. Ng3 g6 21. Ne4
d5 22. Nd2 c5 23. cxd5 cxd4 24. dxe6 dxc3 25. Nf3 Qf6 26. Bxf5 Qxf5 27. e7 Rf7
28. Ne5 Rfxe7 29. Qc4+ Kh7 30. Qxc3 Rc8 31. Qb4 Rg7 (31... Rf7 $4 {Dies ist
höchstwahrscheinlich ein Fehler in der Notation.} 32. Rf2 (32. Nxf7 $18) 32...
Rc2) 32. Rf2 Rc2 1/2-1/2

[Event "Voronezh m"]
[Site "Voronezh"]
[Date "2003.06.14"]
[Round "3"]
[White "Svidler, Peter"]
[Black "Chernyshov, Konstantin"]
[Result "1-0"]
[WhiteElo "2713"]
[BlackElo "2524"]
[Annotator "Mueller,Karsten"]
[PlyCount "53"]
[EventDate "2003.06.12"]
[EventType "match"]
[EventRounds "4"]
[EventCountry "RUS"]
[SourceTitle "CBM 096"]
[Source "ChessBase"]
[SourceDate "2003.09.25"]
[SourceVersion "1"]
[SourceVersionDate "2003.09.25"]
[SourceQuality "1"]

1. e4 b6 2. d4 Bb7 3. Bd3 f5 $2 4. d5 {Svidler geht auf Nummer sicher und
lässt sich nicht auf die Komplikationen nach} (4. exf5 $1 {ein:} Bxg2 5. Qh5+
g6 6. fxg6 Bg7 (6... Nf6 $4 7. gxh7+ Nxh5 8. Bg6#) 7. gxh7+ Kf8 8. Nf3 (8. Ne2
$5) (8. hxg8=Q+ $5) 8... Nf6 9. Qg6 Bxh1 (9... Bxf3 10. Rg1 Rxh7 11. Qg3 Be4
12. Bxe4 Nxe4 13. Qf3+ $18) 10. Bh6 Rxh7 11. Ng5 Bxh6 12. Nxh7+ Nxh7 13. Qxh6+
Kf7 14. Qxh7+ Ke6 15. Qh6+ Kd5 16. Nc3+ Kxd4 {1-0 Roederer,K-Nefzer,W/Lauda
1986/GER (16)}) 4... fxe4 (4... Nf6 $5) 5. Bxe4 Nf6 6. Bf3 c6 7. c4 (7. Nc3 $5)
7... Ba6 8. b3 b5 9. cxb5 Qa5+ 10. Bd2 Qxb5 11. Ne2 cxd5 12. Nbc3 Qb7 13. O-O
e6 (13... e5 $2 14. Nxd5 Nxd5 15. Bg5 $16) 14. Re1 Nc6 $6 (14... Bd6 15. Nd4
Be7 $13 (15... O-O $2 16. Nxe6 dxe6 17. Rxe6 Qc6 18. Rxf6 Bxh2+ 19. Kxh2 Qxf6
20. Bxd5+ Kh8 21. Qf3 $16) (15... Kf7 $2 16. Bg5 $40)) (14... Be7 15. Bg5 Nc6
$13) 15. Nxd5 $1 exd5 $6 (15... Nxd5 16. Bxd5 Bc5 $14 {scheint mir besser zu
sein.}) 16. Nf4+ Kd8 $2 (16... Ne7 $1 17. Nxd5 Nfxd5 18. Bg5 Bb5 (18... Rc8 $2
19. Bxd5 Qb4 20. Re4 $18) 19. Bxd5 Bc6 20. Qh5+ g6 21. Qf3 Bxd5 22. Qf6 $16 {
[%cal Gf6e7,Gf6h8,Ge1e7]}) 17. Nxd5 Ba3 (17... Nxd5 18. Bxd5 Ba3 19. Qg4 $18)
18. Nxf6 gxf6 19. b4 $1 {[%mdl 128] Svidler führt den Angriff vorbildlich. In
Kürze sind alle seine Kräfte beteiligt und der Druck wird unerträglich.} Bc4
20. Re3 (20. Rb1 $5 Qa6 21. Bf4 Rc8 22. Bg4 $18) 20... Bb2 21. Rb1 Bd4 $2 (
21... Be5 22. b5 (22. Bc3 $5) 22... Bxb5 23. Ba5+ Kc8 (23... Ke7 $2 24. Bb4+
Kd8 25. a4 $18) 24. a4 Bxa4 25. Qd3 Qxb1+ 26. Qxb1 Rb8 27. Qd3 Nxa5 28. Qa6+
$16) 22. b5 d5 (22... Bxb5 23. Ba5+ Kc8 24. Bxc6 Qxc6 25. Qxd4 Rg8 26. g3 $18)
(22... Bxe3 23. bxc6 Qc7 24. Bxe3 $18 {[%cal Gb1b7]}) 23. bxc6 Qxc6 24. Ba5+
Bb6 25. Rc1 Rc8 26. Bxb6+ axb6 27. Rec3 (27. Rec3 Qd7 (27... Ke7 28. Rxc4 $18)
28. Bxd5 b5 (28... Bxd5 29. Rxc8+ Qxc8 30. Rxc8+ Kxc8 31. Qxd5 $18) 29. Qf3 $18
) 1-0

[Event "Rubinstein Memorial 35th"]
[Site "Polanica Zdroj"]
[Date "1998.08.24"]
[Round "7"]
[White "Macieja, Bartlomiej"]
[Black "Markowski, Tomasz"]
[Result "1-0"]
[WhiteElo "2490"]
[BlackElo "2525"]
[Annotator "Mueller,Karsten"]
[PlyCount "83"]
[EventDate "1998.08.17"]
[EventType "tourn"]
[EventRounds "11"]
[EventCountry "POL"]
[EventCategory "17"]
[SourceTitle "CBM 067"]
[Source "ChessBase"]
[SourceDate "1998.11.30"]
[SourceVersion "2"]
[SourceVersionDate "1998.11.01"]
[SourceQuality "1"]

1. e4 b6 2. d4 Bb7 3. Bd3 e6 4. Nf3 c5 5. c3 Nf6 6. Qe2 Be7 7. O-O d6 (7... Nc6
8. a3 Na5 9. Nbd2 c4 10. Bc2 Qc7 11. Re1 b5 (11... O-O {1/2-1/2 Ubilava,
E-Psakhis,L/Manresa Terres Catalanes (3) 1996/CBM 56 (11)}) 12. Rb1 a6 13. Nf1
h6 14. Ng3 $14 {1-0 Kuipers,E-Rogers,I/Breda 1997/EXP 58 (45)}) 8. Bf4 (8. Bg5
h6 (8... Nbd7 9. Nbd2 h6 10. Bxf6 Bxf6 11. Ba6 Bxa6 12. Qxa6 O-O $11 {1/2-1/2
Lukov,V-Kengis,E/Muenster 1990/EXT 90op2 (20)}) 9. Bh4 (9. Bxf6 $2 Bxf6 $15 {
(King) 0-1 Schuh,F-Kengis,E/Vienna 1990/CBM 21/[King] (50)}) 9... Nh5 10. Bxe7
Qxe7 11. Bb5+ Nc6 12. Qe3 Nf6 13. Nbd2 O-O 14. h3 $14 {1/2-1/2 De Sousa,
J-Giffard,N/Paris 1993/TD 93\04 (52)}) (8. Nbd2 cxd4 9. cxd4 Nbd7 10. a3 a6 11.
b4 Qb8 12. Bb2 O-O 13. g3 Rc8 {1/2-1/2 Marciano,D-Giffard,N/Strasbourg 1992/
EXT 92ch2 (13)}) 8... Nh5 $6 $146 (8... Nbd7 9. Nbd2 a6 10. Rfd1 cxd4 11. cxd4
Nf8 $6 12. h3 Ng6 13. Bh2 $14 {/+/- 1-0 Fritze,B-Edel,T/OLNW 1992/BIG 90 (46)})
9. Be3 Nf6 10. Nbd2 Nc6 11. h3 O-O 12. a3 Re8 13. Rfd1 cxd4 14. cxd4 a6 15.
Rac1 b5 16. Bg5 Nh5 17. Bxe7 Nxe7 $6 {danach bekommen die schwarzen Springer
zunehmend Probleme.} (17... Qxe7 $142) 18. g3 Ng6 19. Bb1 $1 Qb6 20. Ng5 Nf6
21. e5 $1 {[%csl Gd6,Gf6][%cal Gb1g6,Gd2e4,Gg5f7,Gg5h7]} Nd7 22. Bxg6 hxg6 23.
Nde4 $1 dxe5 $6 (23... f6 $5) 24. dxe5 Nxe5 $2 (24... Bd5 $1 25. Nc3 (25. Nd6
$6 Rf8 26. Rxd5 $2 exd5 27. Qg4 Nxe5 28. Qh4 Nf3+ 29. Nxf3 f6 $1 $19 (29...
Qxd6 $2 30. Ng5 Rfe8 31. Qh7+ Kf8 32. Qh8+ Ke7 33. Qxg7 Kd7 34. Nxf7 Re7 35. f4
$13)) 25... Qb7 $14) 25. Nd6 Nc4 26. Nxe8 Rxe8 $6 (26... Qc6 $5 27. Qe4 Qxe4
28. Nxe4 Bxe4 29. b3 $1 $16 (29. Nc7 $2 Ra7 30. Rd8+ Kh7 31. Rd7 Bc6 $1 $11) (
29. Nd6 $2 Bf3 30. Rd3 Be2 31. Rd4 e5 32. Rd5 Rd8 33. Nf5 Rxd5 34. Ne7+ Kh7 35.
Nxd5 Nxb2 $11 {/+/=})) 27. b3 $1 Nd6 (27... Nxa3 $2 28. Rd7 $18) 28. Qe3 $1 $18
Qxe3 (28... Qd8 $2 {[%tqu "De","Weiß zieht und gewinnt","","","g5f7","",5]} 29.
Nxf7 $1 Kxf7 30. Qf4+ $18) 29. fxe3 Bd5 30. Rc7 a5 (30... f6 31. Nxe6 Bxe6 32.
Rxd6 $18) 31. Rd7 Ne4 32. Nxe4 Bxe4 33. Rd8 Kf8 34. R1d7 Rxd8 35. Rxd8+ Ke7 36.
Rb8 Bc6 37. Rb6 Kd6 38. Ra6 a4 (38... Kc7 39. Ra7+ Bb7 40. Rxa5 Kb6 41. b4 Bc6
{sperrt zwar den Turm ein, doch dieser kann zu gegebener Zeit stets mit a3-a4
wieder befreit werden, z.B.} 42. h4 e5 43. Kf2 f6 44. Ke2 Be4 45. a4 bxa4 46.
Rxa4 Kb5 47. Ra7 $18) 39. bxa4 bxa4 40. Ra7 Be8 41. h4 e5 42. Kf2 1-0

[Event "Budapest FS06 GM"]
[Site "Budapest"]
[Date "1999.06.05"]
[Round "1"]
[White "Lorscheid, Gerhard"]
[Black "Czebe, Attila"]
[Result "0-1"]
[WhiteElo "2323"]
[BlackElo "2420"]
[Annotator "Mueller,Karsten"]
[PlyCount "30"]
[EventDate "1999.06.??"]
[EventType "tourn"]
[EventRounds "10"]
[EventCountry "HUN"]
[EventCategory "9"]
[SourceTitle "CBM 072"]
[Source "ChessBase"]
[SourceDate "1999.10.01"]
[SourceVersion "1"]
[SourceVersionDate "1999.10.01"]
[SourceQuality "1"]

1. d4 b6 2. e4 Bb7 3. Nc3 e6 4. Nf3 Bb4 5. Bd3 Nf6 6. e5 Ne4 7. O-O {dieses
Bauernopfer bringt die weiße Entwicklung am schnellsten voran und wurde schon
häufig gespielt} Nxc3 (7... f5 $2 8. Bxe4 fxe4 9. Ng5 O-O (9... Bxc3 10. bxc3
O-O 11. Qg4 $16) 10. Qh5 h6 11. Ngxe4 $16 {1-0 Damljanovic,B-Halser,W/Graz
1987/TD 87\05 (38)}) 8. bxc3 Bxc3 $5 (8... Be7 9. Ne1 $5 (9. Nd2 d6 10. Qg4 g6
11. Ne4 dxe5 12. dxe5 Nc6 13. Rd1 Qd5 $1 $132 {1/2-1/2 Akopian,V-Speelman,J/
Elista 1998/CBM Extra 66 (24)}) 9... d6 10. Qg4 $14 {0-1 Kovalev,A-Chernyshov,
K/Dresden 1994/TD 94\02 (50)}) 9. Rb1 Bd5 $5 $146 (9... Nc6 10. Rb3 (10. Be2 d5
11. a3 Ne7 12. Rb3 Ba5 13. Ng5 $44 {1/2-1/2 Stambulin,A-Minasian,A/Erevan 1994/
EXT 94ch (34)}) 10... Bxd4 11. Nxd4 Nxd4 12. Qg4 Nxb3 13. Qxg7 Nxc1 14. Qxh8+
Ke7 15. Qf6+ Ke8 16. Qh8+ Ke7 {1/2-1/2 Joecks,C-Weyrich,M/BL2-N 1994/BL2 (16)})
10. Ng5 $6 {nach dem Fall des Bauern d4 ist die weiße Bauernstruktur am
Damenflügel ruiniert und Pläne mit c2-c4 nebst d4-d5 sind nicht mehr
realisierbar.} ({Besser gefällt mir} 10. Bg5 $5 Qc8 (10... f6 $2 11. exf6 gxf6
12. Ne5 $1 $40) (10... Bxf3 $2 11. Qxf3 Qxg5 12. Qxa8 Qd8 13. Qe4 $14 {/+/-})
11. Bd2 Bxd2 12. Nxd2 $44 {mit Möglichkeiten wie Dg4, Se4 oder c2-c4.}) 10...
Bxd4 11. c4 Bb7 12. Nxh7 ({Auch nach} 12. Qh5 Qe7 {konnte ich keine
vielversprechende Fortsetzung für Weiß finden, z.B.} 13. Ba3 c5 (13... Qxa3 $2
14. Nxf7 g6 15. Bxg6 hxg6 (15... Qe7 16. Nxh8+ hxg6 17. Nxg6 Qg7 18. Rb3 $40)
16. Nd6+ $44) 14. Ne4 Bxe4 15. Bxe4 Nc6 $17) 12... Rxh7 $5 (12... Bxe5 {
scheint ebenfalls zu gehen, z.B.} 13. Qh5 d6 (13... Nc6 14. Re1 $5 $13 (14. Bg5
$6 Rxh7 15. Bxh7 Bf6 16. Bxf6 Qxf6 17. Be4 $15)) 14. Bg5 Rxh7 (14... g6 $2 15.
Bxg6 Qd7 16. Rfe1 fxg6 (16... Rg8 17. Rxe5 fxg6 18. Nf6+ Kf7 19. Qh3 $18) 17.
Nf6+ Bxf6 18. Qxg6+ Kf8 19. Qxf6+ Kg8 20. Rb3 Qf7 21. Rg3 Qxf6 22. Bxf6+ $18)
15. Bxh7 Bf6 16. f4 Nd7 17. Bc2 $15) 13. Bxh7 Qh4 14. Qd3 $2 ({Sowohl} 14. Bc2
{als auch}) (14. Rb3 {waren besser.}) 14... Nc6 (14... g6 $5 {kam stark in
Betracht, zumal die Stellung nach} 15. Bxg6 Qg4 16. Bxf7+ Kxf7 17. Qh7+ Qg7 18.
Qh5+ Qg6 19. Qxg6+ Kxg6 {deutlich besser für Schwarz ist.}) 15. Be4 $2 (15. Qe4
$142 Qxe4 (15... Qh5 $5) 16. Bxe4 Bxe5 $15 {/-/+}) 15... Nxe5 (15... Nxe5 16.
Qxd4 Qxe4 17. Qxe4 Bxe4 $19 {denn der Bauer c4 fällt auch noch.}) 0-1

[Event "Bundesliga 0203"]
[Site "Germany"]
[Date "2003.02.08"]
[Round "10.4"]
[White "Jenni, Florian"]
[Black "Lau, Ralf"]
[Result "1/2-1/2"]
[WhiteElo "2483"]
[BlackElo "2491"]
[Annotator "Mueller,Karsten"]
[PlyCount "121"]
[EventDate "2002.10.19"]
[EventType "team-tourn"]
[EventRounds "15"]
[EventCountry "GER"]
[SourceTitle "CBM 094"]
[Source "ChessBase"]
[SourceDate "2003.05.26"]
[SourceVersion "1"]
[SourceVersionDate "2003.05.26"]
[SourceQuality "1"]
[WhiteTeam "Stuttgart"]
[BlackTeam "Kreuzberg"]
[WhiteTeamCountry "GER"]
[BlackTeamCountry "GER"]

1. e4 b6 2. d4 e6 3. Nf3 Bb7 4. Bd3 Nf6 5. Qe2 d5 6. e5 Nfd7 7. c3 c5 8. Ng5
Be7 9. h4 cxd4 10. cxd4 Nc6 11. Be3 Nb4 12. Nc3 (12. Bb5 $6 a6 13. Ba4 Bc6 14.
Bxc6 Nxc6 15. Nc3 h6 16. Nf3 b5 17. Rc1 Rc8 18. g3 Qa5 19. Nd2 Qb6 20. Nb3 Na5
21. Nxa5 Qxa5 $11 {1/2-1/2 Ravi,T-Blatny,P/Calcutta 2000/CBM 74 ext (39). (38)}
) (12. Nxh7 $2 a5 13. Ng5 Nxd3+ 14. Qxd3 Bxg5 15. Bxg5 Qxg5 16. hxg5 Rxh1+ 17.
Kd2 Ba6 {und der weiße Damenflügel ist gelähmt.}) 12... Nxd3+ 13. Qxd3 a6 14.
Rh3 (14. Nxh7 $2 g6 15. Nf6+ Nxf6 16. exf6 Bxf6 $15) 14... Nf8 15. Rg3 (15. Nf3
Nd7 16. h5 h6 17. Rg3 Bf8 18. Rc1 $14) 15... Ng6 16. Qe2 (16. h5 $6 Nh4 $15 {
[%cal Gh4f5]}) 16... Nxh4 17. Qh5 Ng6 18. Nxe6 fxe6 19. Rxg6 hxg6 20. Qxh8+ Kf7
21. Qh3 Bb4 22. Bd2 Bxc3 23. Qxc3 (23. Bxc3 $5 Qh8 (23... Qg5 $6 24. Bd2 Qf5
25. Rc1 $1 $36) 24. Qf3+ Kg8 25. O-O-O Qh4 $14) 23... Rc8 24. Qf3+ Kg8 25. Qg4
(25. Ke2 Qh4 $11) 25... Qe8 26. Rc1 Rxc1+ 27. Bxc1 Kf7 28. Qf3+ Kg8 29. Qc3 Qc6
30. Qxc6 Bxc6 $11 31. Bg5 Kf7 32. Bd8 b5 33. Kd2 Ke8 34. Bb6 Bb7 35. Kc3 Kd7
36. Kb4 Kc6 37. Bc5 Bc8 38. Ka5 Bb7 39. Bf8 Bc8 40. Bxg7 Bb7 41. Bf6 Bc8 42. g4
Kb7 43. a3 Kc6 44. Kb4 Bb7 45. f4 Bc8 46. a4 bxa4 47. Kxa4 Bd7 48. Kb4 Kb6 49.
Bd8+ Kc6 50. g5 Bc8 51. Ka5 Kb7 52. Be7 Bd7 53. b3 Bc8 54. Ba3 Bd7 55. Bc1 Bc8
56. Bd2 Bd7 57. b4 Bb5 58. f5 exf5 59. Bf4 Kc6 60. e6 Kb7 61. e7 1/2-1/2

[Event "Nordic-ch"]
[Site "Aarhus"]
[Date "2003.09.08"]
[Round "3"]
[White "Hector, Jonny"]
[Black "Gausel, Einar"]
[Result "1-0"]
[WhiteElo "2538"]
[BlackElo "2533"]
[Annotator "Mueller,Karsten"]
[PlyCount "93"]
[EventDate "2003.09.06"]
[EventType "tourn"]
[EventRounds "11"]
[EventCountry "DEN"]
[EventCategory "10"]
[SourceTitle "CBM 098"]
[Source "ChessBase"]
[SourceDate "2004.02.03"]
[SourceVersion "1"]
[SourceVersionDate "2004.02.03"]
[SourceQuality "1"]

1. e4 Nc6 2. d4 e5 3. dxe5 Nxe5 4. Nf3 Qf6 $6 5. Nxe5 Qxe5 6. Bd3 Bb4+ 7. Nd2
Ne7 (7... d5 $6 8. O-O $1 dxe4 (8... Bc5 9. Nf3 Qh5 10. exd5 Bg4 11. Bb5+ Kd8
12. Be2 {1-0 Fenwick,J-Thorpe,A/ICCF Email 2001/MegaCorr3 (12)}) (8... Bxd2 9.
Bxd2 dxe4 10. Bc3 Qg5 11. Bxe4 Nf6 12. Qf3 O-O 13. Bxb7 $16 {1-0 Kriechel,
B-Romero,P/IECC Email 2000/MegaCorr3 (31)}) 9. Re1 Ne7 10. Rxe4 Qd6 11. Nb3 Be6
12. Bf4 Qb6 13. Be3 Qd6 14. a3 Bxb3 15. cxb3 Bc5 16. Bxc5 Qxc5 17. Rc1 Qd6 18.
Bb5+ {1-0 Larsen,S-Aasum,A/corr ICCF 2000/MegaCorr3 (18)}) 8. O-O d5 $6 (8...
O-O 9. Nc4 Qe6 10. c3 Bc5 11. b4 Bb6 12. Bf4 $14 {1-0 Vezzosi,P-Oppici,G/
Salsomaggiore Terme 1998/EXT 99 (40)}) 9. exd5 (9. Nf3 $5 Qh5 10. exd5 Qxd5 $6
(10... Bg4 11. c4 O-O-O $14) 11. c4 Qc6 $6 12. Ne5 Qd6 13. Bf4 $16 {1-0
Gutermuth,D-Vehre jr,J/MT 1988/MegaCorr3 (39). (38)}) (9. c3 Bc5 10. Nf3 $1 (
10. Nb3 $6 dxe4 11. Nxc5 exd3 12. Nxd3 Qd5 13. Nf4 Qxd1 14. Rxd1 f6 {1/2-1/2
Steinwender,W-Feistenauer,H/AUT 1992/EXT 2000 (14)}) 10... Qh5 11. exd5 Qxd5
12. Re1 Bd6 $6 (12... O-O $2 13. Rxe7 $1 Bxe7 14. Bxh7+ $18) (12... Be6 $5) 13.
Bg5 f6 14. Bh4 Bd7 15. Bg6+ $36 {1-0 Klossner,J-Sadeghi,H/Germany 1993/EXT 99 
(36) '!' '!'}) 9... Bd6 10. g3 Qxd5 11. Be4 Qc5 $6 (11... Qb5 $14) 12. Rb1 a5
$6 (12... Bf5 $6 13. b4 Qb5 14. c4 Qd7 15. c5 Bxe4 16. Nxe4 Be5 17. Qxd7+ Kxd7
18. Rd1+ Ke8 19. f4 $16) (12... Qb5 $5 13. c4 Qd7 14. Qh5 c6 15. Qg5 Qg4 $11)
13. b3 O-O $2 (13... Nd5 14. Nc4 Nc3 15. Qe1 Nxe4 (15... Nxb1 $2 16. Bxb7+ Be6
17. Be3 Qf5 18. Nxd6+ cxd6 19. Bxa8 $16) 16. Qxe4+ Be6 17. Ba3 (17. Qxb7 O-O
18. Be3 Qh5 $14) 17... Qc6 (17... Qd5 18. Qxd5 Bxd5 19. Rfe1+ Kd7 20. Nxd6 cxd6
21. Rbd1 Be6 22. Bxd6 Kc6) 18. Qxc6+ bxc6 19. Bxd6 cxd6 (19... Bxc4 $5) 20.
Nxd6+ Ke7 $14 {/+/-}) 14. Nc4 $1 $16 Rd8 15. Ba3 Qg5 16. h4 Qb5 17. Nxd6 cxd6
18. c4 Qb6 19. Qc2 h6 20. Rbd1 Bg4 21. Rd2 (21. Rxd6 {kam auch in Frage:} Rxd6
22. c5 Rc6 23. Bh7+ Kh8 24. cxb6 Rxc2 25. Bxc2 Nd5 26. Be4 $16) 21... a4 22.
Rb1 Qc7 23. Qd3 Qc8 24. Bxd6 axb3 25. Qxb3 Nc6 26. c5 ({Das direkte} 26. Qxb7 {
hat den folgenden Pferdefuß:} Qxb7 27. Rxb7 Ne5 28. c5 Nf3+ 29. Bxf3 Bxf3 {
und Schwarz hat wegen der ungleichfarbigen Läufer gewisse Remischancen, die
Hector nicht zulassen will.}) 26... Bf5 27. Bxf5 Qxf5 28. Re1 Rd7 29. Qc4 Rdd8
30. Rb2 Rd7 31. Re4 Qf3 32. Rbe2 Ra3 33. R4e3 Rxe3 34. Rxe3 Qf5 35. Re8+ Kh7
36. g4 Qf3 $6 (36... b5 $5 {hätte ordentlich Verwirrung gestiftet, auch wenn
Weiß trotz allem auf Gewinn stehen sollte, doch folgende Versuche führten bei
meinen Analysen nicht zu klaren Ergebnissen} 37. cxb6 (37. Qe2 Qb1+ 38. Kg2 Ra7
) 37... Qf3 38. Qc2+ g6 39. Re3 Qxg4+ 40. Bg3) 37. Re3 Qd1+ 38. Kh2 Qb1 $6 (
38... g6 39. Qf4 Qd4 {war zäher.}) 39. h5 $1 Kg8 40. Kg2 Qd1 $6 (40... Kh7 41.
Re8 Rd8 (41... Qb4 42. Qc2+ g6 43. Re4 Qa3 44. Rf4 $18 {[%cal Gf4f7,Gc2g6]})
42. Qxf7 Rxe8 43. Qxe8 Qxa2 44. Qe4+ Kh8 45. Kg3 $18) 41. Re8+ Kh7 42. Qe4+ g6
43. hxg6+ fxg6 44. Rh8+ $5 Kxh8 45. Qe8+ Kh7 46. Qxd7+ Kg8 47. Qc8+ (47. Qc8+
Kf7 48. Qxb7+ Kf6 49. Qxc6 Qxg4+ 50. Bg3+ $18) 1-0

[Event "RUS-chT 05th"]
[Site "Maikop"]
[Date "1998.06.11"]
[Round "9"]
[White "Totsky, Leonid"]
[Black "Vlassov, Nikolai"]
[Result "1-0"]
[WhiteElo "2490"]
[BlackElo "2440"]
[Annotator "Mueller,Karsten"]
[PlyCount "87"]
[EventDate "1998.06.03"]
[EventType "team-tourn"]
[EventRounds "11"]
[EventCountry "RUS"]
[SourceTitle "CBM 066"]
[Source "ChessBase"]
[SourceDate "1998.09.30"]
[SourceVersion "1"]
[SourceVersionDate "1998.09.30"]
[SourceQuality "1"]
[WhiteTeam "Ekaterinburg Agat"]
[BlackTeam "Moscow Apiko-Yakimanka"]
[WhiteTeamCountry "RUS"]
[BlackTeamCountry "RUS"]

1. e4 Nc6 2. d4 d5 3. Nc3 Nf6 4. e5 Nd7 5. f4 (5. Nxd5 Ndb8 $1 $11) (5. Bg5 $5
{die folgenden Anmerkungen stammen von I.Rogers aus Informator 61.} Nb6 6. f4
h5 $1 7. Be2 Bf5 8. Nf3 (8. Bxh5 $6 Nb4 9. Rc1 Nxc2+ 10. Rxc2 Bxc2 11. Bxf7+
Kxf7 12. Qxc2 c6 $17) 8... Qd7 9. h3 $1 (9. Nh4 Bg4 $15 {ץg5}) 9... O-O-O 10.
O-O (10. Nh4 f6 $1 11. Nxf5 Qxf5 12. g4 Qh7 $1 $17) 10... Nb4 $6 (10... f6 $5
11. Bh4 Nb4 $13) 11. Nh4 $3 (11. Rc1 Nc4 12. Bxc4 dxc4 $15) (11. Ne1 Nc4 12.
Qc1 $13) 11... Bxc2 (11... Nxc2 $2 12. Nxf5 Qxf5 13. Bd3 $18) (11... f6 12.
Nxf5 Qxf5 13. Bh4 Qxc2 14. f5 $16) 12. Qd2 f6 13. a3 (13. f5 $5 Bxf5 $1 14.
Rxf5 fxg5 15. Rxg5 $16) 13... Nc6 $1 (13... fxg5 14. axb4 gxh4 15. Qxc2 $16)
14. f5 $1 $16 {0-1 Fernandes,A-Rogers,I/Strasbourg 1994/Inf 61/[Rogers,I] (35)}
(14. Qxc2 $5 fxg5 15. Ng6 Nxd4 16. Qd3 Nxe2+ 17. Qxe2 e6 $8 18. Nxh8 Bc5+ 19.
Kh1 Rxh8 20. fxg5 $14)) 5... Nb6 6. Be3 h5 7. Nf3 Bf5 8. Nh4 $5 {diese Jagd
auf den weißfeldrigen Läufer ist gefährlicher als} (8. Bd3 Qd7 9. O-O e6 10. b3
O-O-O 11. Ne2 $11 {0-1 Pfrommer,C-Stromer,A/BL2-S 1996/BL2 (34)}) 8... Bg4 (
8... e6 9. Nxf5 exf5 10. Bf2 $14) 9. Qd2 e6 10. h3 $1 Be2 {danach ist die
weiße Stellung mit dem Läuferpaar und dem Raumvorteil sehr angenehm zu spielen.
Allerdings ist die Lage ohnehin schwierig:} (10... Qxh4+ 11. Bf2 Qe7 12. hxg4
$14) (10... Be7 11. Ng6 fxg6 12. hxg4 Qd7 (12... Bh4+ 13. Bf2 Bxf2+ 14. Qxf2
$14) 13. Be2 $14) (10... Bf5 $5 11. Nxf5 exf5 12. Bd3 g6 $14) 11. Bxe2 (11. Ng6
$2 Bxf1 12. Nxh8 Nc4 13. Qf2 Bxg2 14. Rh2 Be4 15. Nxe4 dxe4 {sieht nicht gut
für Weiß aus.}) 11... Qxh4+ 12. Bf2 Qe7 13. b3 f5 $6 {schwächt eine Reihe von
Feldern am Königsflügel doch sehr} 14. O-O h4 $6 15. a4 a6 (15... Qb4 $5) 16.
Nd1 {der Beginn eines tiefen Manövers, das den Springer schließlich auf das
Idealfeld f3 führt.} Rd8 $6 17. a5 Nd7 18. Nb2 g6 19. Nd3 Bh6 20. Ne1 g5 {
das funktioniert nicht, aber passives Abwarten könnte Schwarz auch nicht mehr
retten, z.B.} (20... Bg7 21. Nf3 Rc8 22. c3 Nd8 23. Qe1 $16) 21. Nf3 g4 22.
hxg4 (22. Bxh4 $6 Qg7 {gibt Schwarz gewissen Angriff.}) 22... fxg4 23. Nxh4 $1
$18 (23. Bxh4 $6 {war vermutlich auch möglich, allerdings sind die
entstehenden Stellungen nicht so übersichtlich:} gxf3 (23... Qh7 24. Bd3 $16)
24. Bxe7 fxe2 25. Bxd8 (25. Qxe2 Nxe7 26. Qh5+ Kf8 $14 {/+/-}) 25... exf1=Q+
26. Rxf1 Nxd8 $16) 23... Qg7 24. g3 Ne7 25. Bd3 Nf8 26. Kg2 Rd7 27. Rh1 Qf7 28.
Be3 Nf5 $6 29. Nxf5 (29. Bxf5 exf5 30. Qd3 $18) 29... exf5 30. c3 Ng6 31. Qc2
Ne7 32. Rh2 Bg7 33. Rxh8+ Bxh8 34. Rh1 Bg7 35. Kg1 Qg6 36. Rh4 Kf7 37. Qh2 Rd8
38. Rh5 Ke6 39. Bc1 $1 Rf8 40. Ba3 Qe8 41. Qh4 Bf6 42. Rh6 Ng8 43. Bxf8 Qxf8
44. Rxf6+ 1-0

[Event "MK Cafe Cup-A"]
[Site "Koszalin"]
[Date "1999.08.03"]
[Round "1"]
[White "Sutovsky, Emil"]
[Black "Jaracz, Pawel"]
[Result "1-0"]
[WhiteElo "2587"]
[BlackElo "2477"]
[Annotator "Mueller,Karsten"]
[PlyCount "57"]
[EventDate "1999.08.03"]
[EventType "swiss"]
[EventRounds "9"]
[EventCountry "POL"]
[SourceTitle "CBM 073"]
[Source "ChessBase"]
[SourceDate "1999.12.01"]
[SourceVersion "1"]
[SourceVersionDate "1999.12.01"]
[SourceQuality "1"]

1. e4 Nc6 2. Nf3 d6 3. d4 Nf6 4. Nc3 Bg4 5. d5 Nb8 6. h3 Bxf3 7. Qxf3 g6 8. Bg5
Bg7 9. O-O-O $5 Nbd7 (9... Nfd7 10. Kb1 O-O 11. h4 $14 {1-0 Gomez Esteban,
J-Nava,C/San Sebastian 1994/TD 94\02 (21)}) 10. Qe2 c6 11. f4 Qc7 12. g4 h6 13.
Bh4 Nh7 $2 {Schwarz möchte sich mit dem typischen Vorstoß g6-g5 das Feld e5
sichern, wird jedoch von} (13... O-O $142) 14. e5 $3 {[%mdl 128] ausgekontert.}
g5 $6 (14... dxe5 15. Bxe7 $1 Kxe7 $6 16. d6+ Qxd6 17. Rxd6 Kxd6 18. Qd2+ $16 {
/+-}) 15. dxc6 $1 $18 Qxc6 16. Bg2 Qc8 17. exd6 e6 18. f5 gxh4 (18... Bxc3 19.
fxe6 O-O 20. exd7 Qxd7 21. Bg3 $18) 19. fxe6 O-O 20. exd7 (20. Nd5 $18) 20...
Qxd7 21. Qe7 Rad8 (21... Qxe7 22. dxe7 Rfe8 23. Bxb7 Rab8 24. Rd7 $18) 22. Bxb7
Bxc3 23. Qxd7 Rxd7 24. Bc6 Bxb2+ 25. Kxb2 Rb8+ 26. Ka1 Rdd8 27. Rhe1 Ng5 28. d7
Nxh3 $6 {beschleunigt das Ende.} ({Nach} 28... Ne6 $5 {ist es technisch nicht
ganz so einfach.}) 29. Rb1 1-0